Datum a čas kvízu
18
Celkem bodů
Celkový počet nahraných bodů na tomto kvízu bez doplňovacích otázek.
11.
Pořadí na kvízu
Konečné umístění týmu na tomto kvízu.
Zaznamenané odpovědi
| # | Otázka | Odpověď | Body | Výsledky |
|---|---|---|---|---|
| 1. | Městský soud v Praze vyhlásil... | Firo-tour | 0 | |
| 2. | Premiér jisté země minulý týde... | Japonsko | 0 | |
| 3. | Jak se jmenuje slavný britský... | Sean Connery | 1 | |
| 4. | Ve čtvrtek nabízela jedna spol... | Huawei | 1 | |
| 5. | Časopis Forbes zveřejnil žebří... | Tomáš Satoranský | 1 | |
| 6. | V tomto tématu se podíváme na... | (druhá) punská válka | 0 | |
| 7. | V roce 1792 u Valmy porazila f... | Prusko | 0 | |
| 8. | Jak se jmenoval americký gener... | Robert Edward Lee | 0 | |
| 9. | Německo poprvé ve velkém měřít... | Ypry / Ypres | 0 | |
| 10. | Cílem této vojenské operace v... | Ofenzíva Tet | 0 |